| 000 | 00800nam a22001577a 4500 | ||
|---|---|---|---|
| 008 | 150212b xxu||||| |||| 00| 0 eng d | ||
| 020 | _a97898142711411 | ||
| 050 | _aQA241.78 | ||
| 100 | _aBing-Hong, Yu | ||
| 245 |
_aProblem of number theory in mathematical competition. / _cYu Bing-Hong |
||
| 260 |
_aLondon: _bECNUP, _c2010. |
||
| 300 |
_a106p.: _bill.; _c23cm. |
||
| 500 | _aIncludes appendix. | ||
| 505 | _aContents:Divisibility -- Greatest common divisors and least common multiples -- Prime numbers and unique factorization theorem -- Indeterminate equations(I) -- Selected lectures on competition problems(I) -- Congruence -- Some famous theorems in number theory -- Order and its application -- Indeterminate equations(II) -- Selected lectures on competition problems(II). | ||
| 942 |
_2lcc _cBK |
||
| 999 |
_c5383 _d12883 |
||